Provinces of Zaire in 1988 on a Map - Statistics

General Stats
  • This quiz has been taken 42 times
  • The average score is 4 of 9
Answers on the Map
Answers color-coded by a green-red scale on the quiz's map according to % correct below.
 
Answer Stats
Answer % Correct
Kinshasa
93%
Kivu
89%
Équateur
46%
Bas-Congo
43%
Kasaï-Occidental
43%
Kasaï–Oriental
43%
Orientale
29%
Shaba
29%
Bandundu
21%
No matching quizzes found
Score Distribution
Percent of People with Each Score
Percentile by Number Answered
Your Score History
You have not taken this quiz